000 00321nam a2200121Ia 4500
008 190216s9999||||xx |||||||||||||| ||und||
100 _aGoldberg L
245 0 _aChemistry Shaums Solved Problems 3000 Solved Problems
260 _bTata Mcgrawhill Publishers
300 _a613
650 _aChemistry-Chemistry
942 _cBK
999 _c2986
_d2986